Vista normal
Vista MARC
Entrada Nombre personal
Número de registros utilizados en: 2
001 - NÚMERO DE CONTROL
- campo de control: 83400
003 - IDENTIFICADOR DEL NÚMERO DE CONTROL
- campo de control: DO-SdBNP
005 - FECHA Y HORA DE LA ÚLTIMA TRANSACCIÓN
- campo de control: 20240228191754.0
008 - DATOS DE LONGITUD FIJA
- campo de control de longitud fija: 230516|| aca||aabn | a|a d
040 ## - FUENTE DE LA CATALOGACIÓN
- Centro catalogador/agencia de origen: DO-SdBNP
- Lengua de catalogación: spa
- Centro/agencia transcriptor: BNPHU
100 1# - ENCABEZAMIENTO-NOMBRE DE PERSONA
- Nombre de persona: Chevalier, Nam
370 ## - LUGAR ASOCIADO
- Lugar de nacimiento: Puerto Plata, República Dominicana
374 ## - OCUPACIÓN
- Ocupación: Profesor
- Ocupación: Narrado
- Ocupación: Poeta
- Ocupación: Ensayista
375 ## - GÉNERO/SEXO
- Género/Sexo: Masculino
377 ## - LENGUA/LENGUAJE ASOCIADO
- Código del idioma: spa
- Término de lengua/lenguaje: Español
400 1# - TRAZADO DE VÉASE--NOMBRE DE PERSONA
- Nombre de persona: Chevalier, Reynaldo Paulino
- Fechas asociadas al nombre: 1965-
670 ## - FUENTE DE DATOS ENCONTRADOS
- Cita de la fuente: Work cat.: (DO-SdBNP)53542: Inatrapable rumor del mar :
670 ## - FUENTE DE DATOS ENCONTRADOS
- Identificador Uniforme del Recurso: https://repositorio.unapec.edu.do/handle/123456789/698
